Sports Quiz

Random Sports or Soccer Quiz

2018-19 Chievo Verona Squad Quiz Stats

 Plays Quiz not verified by Sporcle

Support Sporcle.
Go Orange.
Score 0/38 Timer 08:00
0 Plays Today
Position Player % Correct
GKStefano Sorrentino
93.9%
FWSergio Pellissier
88.6%
FWMariusz Stępiński
84.1%
ManagerLorenzo D'Anna
83.3%
MFPerparim Hetemaj
83.3%
ManagerDomenico Di Carlo
81.1%
MFValter Birsa
81.1%
FWRiccardo Meggiorini
81.1%
GKAndrea Seculin
80.3%
DFNenad Tomović
79.5%
MFEmanuele Giaccherini
79%
DFBoštjan Cesar
78%
DFFabrizio Cacciatore
78%
MFIvan Radovanović
75.8%
ManagerGian Piero Ventura
75.5%
MFJoel Obi
71.2%
DFFederico Barba
70.5%
DFLuca Rossettini
69.7%
MFFabio Depaoli
67.4%
Position Player % Correct
FWFilip Djordjevic
67.4%
FWManuel Pucciarelli
64.4%
DFMattia Bani
63.6%
DFPawel Jaroszynski
63.1%
DFNicolas Frey
62.3%
DFStrahinja Tanasijević
59.1%
MFNicola Rigoni
59.1%
MFSofian Kiyine
57.6%
FWMehdi Léris
47.7%
MFAssane Dioussé
47.2%
MFLucas Piazon
47.2%
DFMarco Andreolli
45.3%
GKAdrian Šemper
43.9%
MFMauro Burruchaga
43.9%
FWEmanuel Vignato
42.4%
MFEzequiel Schelotto
37.7%
FWMusa Juwara
35.9%
FWSergej Grubac
32.1%
DFMichele Rigione
18.4%

You're not logged in!

Compare scores with friends on all Sporcle quizzes.
OR
Log In

From the Vault

One Per Category: Oscar 2010s

by Hejman

If you watch a lot of awards shows, you should be in good shape here.
Remove Ads.
Support Sporcle.
Get the best of Sporcle when you Go Orange. This ad-free experience offers more features, more stats, and more fun while also helping to support Sporcle. Thank you for becoming a member.

Show Comments

Extras

Top Quizzes Today


Score Distribution

Your Account Isn't Verified!

In order to create a playlist on Sporcle, you need to verify the email address you used during registration. Go to your Sporcle Settings to finish the process.

Report this User

Report this user for behavior that violates our Community Guidelines.

Details: